les études supérieurs les plus dur - Statistiques

Statistiques générales
  • Ce quiz a été pris 502 fois
  • Le résultat moyen est 4 sur 10
Statistiques - réponses
Hint Réponse % Correct
1 Médecine
97%
3 Droit
85%
4 Ingénieur
65%
5 physique
31%
10 psychologie
30%
6 mathématiques
29%
2 La prépa
25%
8 architecture
23%
9 informatique
22%
7 pharmacie
15%
Aucun quiz correspondant
Distribution des résultats
% des personnes avec chaque résultat
Percentile par nombre de réponses
Votre historique - résultats
Vous n’avez pas pris ce quiz